1210 1189 1664 1130 1707 1969 1970 1052 1250 1956 1060 1742 1854 1415 1767 1753 1975 1246 1592 1217 1493 1218 1545 1629 1673 1178 1832 1513 1972 1550 1760 1716 1244 1372 1339 1134 1775 1295 1624 1114 1509 1031 1213 1026 1472 1923 1879 1965 1601 1959 1926 1773 1445 1020 1993 1366 1427 1842 1941 1825 1444 1644 1386 1446 1945 1928 1498 1571 1768 1012 1726 1261 1776 1793 1970 1128 1366 1736 1381 1740 1587 1196 1367 1027 1358 1895 1417 1236 1258 1909 1647 1641 1810 1765 1559 1516 1171 1229 1479 BCNSPRNW ULIB Ver.6.0+V

เปลี่ยนเป็นภาษาไทย

Change to English
 แสดงรายละเอียดบรรณานุกรม
  กลับหน้าหลัก

Brief Record : Get Marc (ISO 2709) : E-mail record : QR code < ปิดหน้าต่าง
LEADER : 00000nam 2200000uu 4500
001    13399109597
003     ULIB
008    110405s2543||||th 000 0 tha d
060  4 WB400^bร487ร 2543
245 00 กินอย่างไรโรคไตไม่กำเริบ/^cมปป.
250    พิมพ์ครั้งที่ 5
300    56 หน้า
650  7 โรคไต
856    ทศพร
945    ^p0^l0^i012862
945    ^p0^l0^i012861
999 ^a ใช้งานได้ทุกระบบ
รายการนี้ยังไม่มีแท็ก
คุณยังไม่ได้ล็อกอิน คุณสามารถมีกิจกรรมร่วมกับเว็บไซต์ได้ แต่ต้องล็อกอินก่อน ::
  ล็อกอิน

รายการสื่อสารสนเทศ

ลำดับที่ ประเภท เลขเรียก/บาร์โค้ด สถานที่ สถานะ
- ไม่พบข้อมูล -

รายการใกล้เคียง
    หัวเรื่อง [โรคไต]

BibComment


ยังไม่เคยถูกคอมเมนท์

คอมเมนท์ทรัพยากรรายการนี้
  คอมเมนท์: กินอย่างไรโรคไตไม..


 Copyright 2026. Bcnsprnw @Library